| 000 | 00516nam a22001697a 4500 | ||
|---|---|---|---|
| 999 |
_c523756 _d523756 |
||
| 003 | NUST | ||
| 038 | _awaseem | ||
| 082 |
_a297.61 _bKAR |
||
| 100 |
_aKarmani, Syed Irtiza Ali _914532 |
||
| 245 |
_aSirat Pak Hazrat Nosha Gunj Bakhas / _cSyed Irtiza Ali Karmani |
||
| 260 |
_aLahore : _bAzeem and Sons, _c2006. |
||
| 300 | _a240 p. ; | ||
| 500 | _aHardcover. | ||
| 880 |
_6100-02\r _aسید ارتضی علی کرمانی |
||
| 880 |
_6245-02\r _aسیرت پاک حضرت نوشہ گنج بخش / |
||
| 942 |
_2ddc _cBK |
||